Normal view
MARC view
- RADIO CIRCUITS - DESIGN AND CONSTRUCTION.MICROWAVE CIRCUITS - DESIGN AND CONSTRUCTION,NONLINEAR CIRCUITS - DESIGN AND CONSTRUCTION THEORIES
Entry Topical Term
001 - CONTROL NUMBER
- control field: 65566
003 - CONTROL NUMBER IDENTIFIER
- control field: NUST
005 - DATE AND TIME OF LATEST TRANSACTION
- control field: 20210628203442.0
008 - FIXED-LENGTH DATA ELEMENTS
- fixed length control field: 210628|| aca||aabn | a|a d
040 ## - CATALOGING SOURCE
- Original cataloging agency: NUST
- Transcribing agency: NUST
150 ## - HEADING--TOPICAL TERM
- Topical term or geographic name entry element: RADIO CIRCUITS - DESIGN AND CONSTRUCTION.MICROWAVE CIRCUITS - DESIGN AND CONSTRUCTION,NONLINEAR CIRCUITS - DESIGN AND CONSTRUCTION THEORIES
670 ## - SOURCE DATA FOUND
- Source citation: Work cat.: (NUST): Wood, John , Root, David .E 65565, Fundamentals of nonlinear behavioral modeling for rf and microwave design, 2005
